ウェザーニュースLiVEキャスター - Statistics

General Stats
  • This quiz has been taken 30 times
  • The average score is 6 of 13
Answer Stats
Answer % Correct
檜山沙耶
77%
駒木結衣
59%
松雪彩花
55%
山岸愛梨
45%
大島璃音
45%
戸北美月
45%
白井ゆかり
41%
高山奈々
41%
小川千奈
41%
魚住茉由
36%
江川清音
32%
川畑玲
27%
小林李衣奈
23%
No matching quizzes found
Score Distribution
Percent of People with Each Score
Percentile by Number Answered
Your Score History
You have not taken this quiz